Statistiken für Geographie nach Buchstabe - W

Klicken Sie hier um das Quiz zu spielen!

Allgemein

  • Dieses Quiz wurde 5.456 mal gespielt
    (5.450 seit der letzten Aktualisierung)
  • Das Durchschnittsergebnis liegt bei 13 aus 20

Antwortstatistiken

HinweisAntwort% Korrekt
Hauptstadt der USAWashington D.C.
100%
Hauptstadt von PolenWarschau
98%
Hauptstadt von ÖsterreichWien
98%
Cardiff heißt seine HauptstadtWales
91%
Residenz des US-PräsidentenWeißes Haus
88%
Längster Fluss EuropasWolga
88%
Neuseelands HauptstadtWellington
79%
Ort, wo Napoleon seine größte
Niederlage erlitt
Waterloo
74%
US-Staat mit der niedrigsten BevölkerungWyoming
73%
Stadtteil Londons und Austragungsort
eines Tennisturnieres
Wimbledon
72%
US-Staat im Mittleren WestenWisconsin
72%
Häufigster chinesischer NachnameWáng
71%
Größtes Stadion in EnglandWembley
67%
Ort der New York Stock ExchangeWall Street
61%
Berühmter Strand in HonoluluWaikiki
49%
Französischsprechende Region BelgiensWallonien
44%
Eines der palästinensischen TerritorienWestjordanland
35%
Hauptstadt von ManitobaWinnipeg
31%
Irische Stadt, die bekannt für
ihre Glasmanufaktur ist
Waterford
12%
Stadion der Chicago CubsWrigley Field
10%

Verteilung der Resultate

Perzentil nach korrekt beantworteten Fragen

Anzahl Personen mit jedem Resultat

Ihre Resultats-Entwicklung

Sie haben dieses Quiz seit der letzten Aktualisierung nicht gespielt